00847cam a2200229 a 4500001000800000005001700008008004100025020001500066040001800081082002100099100001800120245005600138260003300194300001200227500012200239500010900361650001400470650002200484942000600506952009200512999001300604202827420240130025807.0911010s1990 ii b 010 0 eng  a8185425078 aDLCcDLCdDLC00a305.8.220bETH.1 aSingh, K. S.,10aEthnicity, identity, and development /cK.S. Singh. aNew Delhi :bManohar,c1990. a44 p. ; a"The Fourth Verrier Elwin memorial lecture, 1985, the North-Eastern Hill University, Shillong, 12-14 September 1985." aEthnicity and the role of Verrier Elwin, 1902-1964, in the development of the people from the Northeast. 0aEthnicity 0aRural development cL 001040708LaWERCLbWERCLd2024-01-30l0o305.8. ETH.p931r2024-01-30w2024-01-30yL c228d228